Statistics for Groups of Things 1-10 #3

Click here to take the quiz!

General Stats

  • This quiz has been taken 1,576 times
    (1,559 since last reset)
  • The average score is 29 of 55

Answer Stats

HintAnswer% Correct
10 Most Spoken LanguagesEnglish
93%
1 Deadliest WarWorld War II
91%
10 Most Spoken LanguagesSpanish
90%
5 Basic FlavorsSweet
82%
10 Most Spoken LanguagesMandarin
81%
9 Countries Bordering GermanyFrance
75%
5 Basic FlavorsSour
73%
9 Countries Bordering GermanyPoland
72%
3 "Saint" CountriesSt Lucia
72%
9 Countries Bordering GermanyAustria
70%
10 Most Spoken LanguagesArabic
69%
3 "Saint" CountriesSt Kitts and Nevis
69%
9 Countries Bordering GermanyBelgium
66%
5 Basic FlavorsSalty
66%
2 Egg Laying MammalsPlatypus
65%
3 "Saint" CountriesSt Vincent and the Grenadines
65%
9 Countries Bordering GermanySwitzerland
65%
9 Countries Bordering GermanyNetherlands
64%
7 Noble GasesNeon
62%
5 Basic FlavorsBitter
60%
9 Countries Bordering GermanyDenmark
59%
7 Noble GasesHelium
59%
8 States Bordering MissouriKansas
58%
10 Most Spoken LanguagesRussian
58%
9 Countries Bordering GermanyLuxembourg
56%
8 States Bordering MissouriArkansas
54%
10 Most Spoken LanguagesJapanese
54%
9 Countries Bordering GermanyCzech Republic
53%
10 Most Spoken LanguagesHindi
53%
4 Japanese IslandsHonshu
51%
8 States Bordering MissouriKentucky
51%
8 States Bordering MissouriIowa
50%
7 Noble GasesArgon
49%
8 States Bordering MissouriIllinois
48%
10 Most Spoken LanguagesPortuguese
48%
8 States Bordering MissouriTennessee
48%
5 Basic FlavorsUmami
48%
8 States Bordering MissouriOklahoma
47%
7 Noble GasesXenon
46%
8 States Bordering MissouriNebraska
45%
4 Japanese IslandsHokkaido
39%
6 PEMDAS StepsAddition
37%
6 PEMDAS StepsDivision
37%
6 PEMDAS StepsMultiplication
37%
6 PEMDAS StepsSubtraction
37%
7 Noble GasesRadon
34%
7 Noble GasesKrypton
30%
6 PEMDAS StepsExponents
29%
2 Egg Laying MammalsEchidna
27%
6 PEMDAS StepsParenthesis
26%
4 Japanese IslandsKyushu
24%
4 Japanese IslandsShikoku
17%
10 Most Spoken LanguagesBengali
14%
10 Most Spoken LanguagesPunjabi
12%
7 Noble GasesOganesson
5%

Score Distribution

Percentile by Number Answered

Percent of People with Each Score

Your Score History

You have not taken this quiz since the last reset